| 000 | 01037nam a2200337 a 4500 | ||
|---|---|---|---|
| 003 | AR-BaBNM | ||
| 005 | 20251128205359.0 | ||
| 008 | 082120s2002 ||||||||||||||000 | spa|| | ||
| 020 | _a84-297-1717-X | ||
| 040 | _cAR-BaBNM | ||
| 100 | 1 | _aLegrand, Louis | |
| 245 | 0 | 0 | _aPor una política democrática de la educación |
| 250 | _a1ª ed. | ||
| 260 |
_aBarcelona _bEdiciones Península _c1981 |
||
| 300 |
_a286 p. _btablas |
||
| 490 | 0 |
_aHistoria, ciencia, sociedad _vv. 168 |
|
| 500 | _aContiene referencias bibliográficas en notas a pie de página | ||
| 650 | 4 | _aPOLITICA EDUCATIVA | |
| 650 | 4 | _aREFORMA DE LA EDUCACION | |
| 650 | 4 | _aDEMOCRATIZACION DE LA EDUCACION | |
| 650 | 4 | _aOBJETIVOS EDUCACIONALES | |
| 650 | 4 | _aENSEÑANZA DE LAS MATEMATICAS | |
| 650 | 4 | _aENSEÑANZA PROFESIONAL | |
| 651 | 4 | _aFrancia | |
| 653 | _aINNOVACIONES EDUCATIVAS | ||
| 653 | _aEDUCACION PRIMARIA | ||
| 700 | 1 |
_aMuls de Liarás, Janine _etraductor |
|
| 700 | 1 |
_aLiarás García, Jaime _etraductor |
|
| 942 | _cBK | ||
| 998 | _cSILVI | ||
| 999 |
_c11175 _d11175 |
||